| 000 | 01575cam a2200409 a 4500 | ||
|---|---|---|---|
| 999 |
_c112979 _d112979 |
||
| 001 | 17247672 | ||
| 003 | BJBSDDR | ||
| 005 | 20230411090132.0 | ||
| 008 | 120409s2008 vau b 000 0 eng | ||
| 010 | _a 2011377509 | ||
| 020 | _a1598034782 | ||
| 020 | _a9781598034783 | ||
| 040 |
_aDLC _cDLC |
||
| 042 | _apcc | ||
| 050 | 0 | 0 |
_aLB 14.6 _bM478u 2008 |
| 082 | _2370 | ||
| 100 | 1 |
_aMcWhorter, John _96306 _q(John Hamilton), _d1965- |
|
| 130 |
_96091 _aThe Great Courses |
||
| 245 | 1 | 0 |
_aUnderstanding linguistics : _bthe science of language / _cJohn H. McWhorter. |
| 246 | 3 | 0 | _aScience of language |
| 260 |
_aChantilly, Va. : _bTeaching Co., _c2008. |
||
| 300 |
_a3 volumes ; _c21 cm. |
||
| 440 |
_96419 _aGreat courses |
||
| 490 | 0 | _aThe great courses | |
| 500 | _aCourse no. 2270. | ||
| 500 | _a"Lecture transcript and course guidebook"--Cover. | ||
| 520 | _a"As an introduction to linguistic science, this course's main goal is to show that speaking is more than a matter of knowing words and putting them in order. Linguists have discovered that language is an intricate hierarchy of systems, ever changing in surface appearance but ever consistent in organizational essence"--Course guidebook. | ||
| 650 | 4 |
_aEducación _91877 |
|
| 650 | 4 |
_aEnseñanza _96089 |
|
| 650 | 4 |
_aLingüística _96308 |
|
| 650 | 4 |
_aLenguaje y lenguas _95034 |
|
| 710 | 2 |
_96101 _aTeaching Company |
|
| 830 |
_96091 _aThe Great Courses |
||
| 906 |
_a7 _bcbc _corignew _d2 _encip _f20 _gy-gencatlg |
||
| 942 |
_2lcc _cBK |
||